000 01222nam a22002177a 4500
999 _c1737
_d1737
005 20230125092807.0
008 230125b ||||| |||| 00| 0 eng d
020 _a9781398318489
040 _cKH8
082 _a004 WAT
100 _aWatson, David
_eauthor
245 _aCambridge IGCSE and o Level Computer Science Study and Revision Guide Second Edition/
_cDavid Watson, Helen Williams
250 _a2nd. ed.
260 _aLondon:
_bHodder Education Group,
_c2022.
300 _a199 p. ;
_bcol. ill:
_c30 cm.
500 _ainclude index
505 _a Cover Book Title Copyright Contents Introduction Section 1 Computer Systems 1 Data representation 2 Data transmission 3 Hardware 4 Software 5 The internet and its uses 6 Automated and emerging technologies Section 2 Algorithms, programming and logic 7 Algorithm design and problem solving 8 Programming 9 Databases 10 Boolean logic Practice Paper 1A: Computer Systems Practice Paper 2A: Algorithms, programming and logic Answers to exam-style questions Answers to Practice Paper 1A Answers to Practice Paper 2A Index
650 _a Computer science -- Examinations -- Study guides;
700 _aWilliams, Helen
_eauthor
942 _2ddc
_cTR